000 01313cam a22003737a 4500
003 CHAP
005 20220817041456.0
008 971013s1992 r 00010 d
010 _a15558
011 _a16530
035 _a20610
040 _cCHAP
090 _aTesis
100 0 0 _aRosa Hernández, Juan Patrocinio de la.
_999842
245 1 3 _aEl cultivo del nopal (Opuntia spp.) : diferentes usos, manejo agronómico y costos de producción
260 _aChapingo, Méx. :
_bEl autor,
_c1992
300 _a143 h.
_b: ilus.
502 _aTesis (Ing. Agr. Esp. en Economía Agrícola y Zonas Aridas) -- UACH. Departamento de Economía Agrícola
590 _aALEPH
_b10
_c20130110
_lUCH01
_h1237
590 _aBATCH-UPD
_b10
_c20130110
_lUCH01
_h0057
590 _aBATCH-UPD
_b10
_c20130110
_lUCH01
_h1021
590 _aBATCH-UPD
_b10
_c20130409
_lUCH01
_h2046
590 _aBATCH-UPD
_b10
_c20130410
_lUCH01
_h0627
590 _aBATCH-UPD
_b10
_c20130914
_lUCH01
_h1840
590 _aCONVERSION
_b10
_c20130109
_lUCH01
_h1310
650 1 4 _aNopal.
_981647
650 1 4 _aNopal
_xCostos de producción.
_981661
650 1 4 _aTuna.
_9115544
700 0 _aSantana Amaro, Delfino.
710 0 _aUACH. Departamento de Zonas Aridas.
901 _aBK
942 _cTESIS
949 _bBC
_cTES
_d-48119
_eTS1
_h30276
_i20610
_si
999 _c15558
_d15558